Catalog

Record Details

Catalog Search



Pět jazyků lásky  Cover Image Book Book

Pět jazyků lásky / Gary Chapman ; překlad: Jana Bucková

Chapman, Gary D., 1938- (Author). Bucková, Jana (Translator).

Record details

  • ISBN: 978-80-7255-373-0
  • Physical Description: 126 stran ; 21 cm
  • Edition: Třetí vydání
  • Publisher: Praha : Návrat domů, [2016]

Content descriptions

General Note:
Přeloženo z angličtiny
Obálkový podnázev: naučte se hovořit jazykem lásky toho druhého
Bibliography, etc. Note:
Obsahuje bibliografické odkazy
Subject: muži a ženy
partnerské vztahy
manželství
láska
interpersonální komunikace
men and women
partner relationships
marriage
love
interpersonal communication
Genre: populárně-naučné publikace
popular works

Available copies

  • 1 of 1 copy available at Common Catalog SPOK.

Holds

  • 0 current holds with 1 total copy.
Show Only Available Copies
Location Call Number / Copy Notes Barcode Shelving Location Status Due Date
KDS Library 15 ChG 204576804593 Library Available -

LDR 01977nam a2200589 i 4500
00157493
003CZ-PrJAB
00520200608094921.0
007ta
008160921t20162016xr e f 000 0 cze
015 . ‡acnb002834440
020 . ‡a978-80-7255-373-0 ‡q(brožováno)
035 . ‡a(CZ PrNK)nkc20162834440
035 . ‡a(OCoLC)972607826
040 . ‡aOLA001 ‡bcze ‡dABA001 ‡erda
0411 . ‡acze ‡heng
072 7. ‡a316.4/.7 ‡xSociální interakce. Sociální komunikace ‡2Konspekt ‡918
080 . ‡a316.346.2 ‡2MRF
080 . ‡a316.472.42 ‡2MRF
080 . ‡a316.361.11-027.581 ‡2MRF
080 . ‡a316.474 ‡2MRF
080 . ‡a316.772.4 ‡2MRF
080 . ‡a(0.062) ‡2MRF
1001 . ‡aChapman, Gary D., ‡d1938- ‡7xx0001651 ‡4aut
24010. ‡aFive love languages. ‡lČesky
24510. ‡aPět jazyků lásky / ‡cGary Chapman ; překlad: Jana Bucková
2463 . ‡a5 jazyků lásky
250 . ‡aTřetí vydání
264 1. ‡aPraha : ‡bNávrat domů, ‡c[2016]
264 4. ‡c©2016
300 . ‡a126 stran ; ‡c21 cm
336 . ‡atext ‡btxt ‡2rdacontent
337 . ‡abez média ‡bn ‡2rdamedia
338 . ‡asvazek ‡bnc ‡2rdacarrier
500 . ‡aPřeloženo z angličtiny
500 . ‡aObálkový podnázev: naučte se hovořit jazykem lásky toho druhého
504 . ‡aObsahuje bibliografické odkazy
65007. ‡amuži a ženy ‡7ph123061 ‡2czenas
65007. ‡apartnerské vztahy ‡7ph115684 ‡2czenas
65007. ‡amanželství ‡7ph115224 ‡2czenas
65007. ‡aláska ‡7ph117230 ‡2czenas
65007. ‡ainterpersonální komunikace ‡7ph121153 ‡2czenas
65009. ‡amen and women ‡2eczenas
65009. ‡apartner relationships ‡2eczenas
65009. ‡amarriage ‡2eczenas
65009. ‡alove ‡2eczenas
65009. ‡ainterpersonal communication ‡2eczenas
655 7. ‡apopulárně-naučné publikace ‡7fd131864 ‡2czenas
655 9. ‡apopular works ‡2eczenas
7001 . ‡aBucková, Jana ‡7xx0090083 ‡4trl
910 . ‡aABE463
901 . ‡a57493 ‡bAUTOGEN ‡c57493 ‡tbiblio

Additional Resources